000 00466nam a2200181Ia 4500
005 20250923145010.0
008 008 250917s9999 xx 000 0 eng d
037 _aTextual
040 _aDSWL
_beng
_cDSWL
041 _aeng
_2eng
084 _aX:9m4,N48, N60;1
_qDSWL
245 0 _aUnited Asia , Israel today
260 _aBombay
_c1965
365 _aINR
_b18
925 _g18
942 _cTEXL
_hX:9m4,N48, N60;1
999 _c1445858
_d1445858